| 000 | 00860cam a22002294a 4500 | ||
|---|---|---|---|
| 020 | _a0070163871 | ||
| 082 | 0 | 0 |
_a792.2 _bCHI _cN-01, P-101 |
| 100 | 1 |
_aDe Chiara, Joseph, _945938 |
|
| 245 | 1 | 0 |
_aTime-saver standards for building types / _cJoseph DeChiara, Michael Crosbie, editors. |
| 250 | _a4th ed. | ||
| 260 |
_aNew York : _bMcGraw-Hill, _cc2001. |
||
| 300 |
_axv, 1005 p. : _bill. ; _c36 cm. |
||
| 526 |
_a0 _b0 _c0 _d792_200000000000000_CHI |
||
| 650 | 0 |
_aBuilding materials _xStandards. _931743 |
|
| 650 | 0 |
_aModular coordination (Architecture) _931742 |
|
| 650 | 0 |
_aNUST _96342 |
|
| 700 | 1 | _aCrosbie, Michael J. | |
| 856 | 4 | 1 | _uhttp://www.loc.gov/catdir/toc/mh021/2001030275.html |
| 856 | 4 | 2 | _uhttp://www.loc.gov/catdir/description/mh021/2001030275.html |
| 856 | 4 | 2 | _uhttp://www.loc.gov/catdir/enhancements/fy0707/2001030275-b.html |
| 942 |
_2ddc _cBK |
||
| 999 |
_c549330 _d549330 |
||